01479nam a2200229 a 450000100100000000500170001000800410002704000250006808200160009310000650010924501570017426000280033130000190035949001120037870000410049004900090053195201640054095201760070495201760088095201760105699900170123200003421420200930070855.0110902s19591855dr 000 0 spa d aDO-SdBNPbspacBNPHU axxxxbF363h1 aFernández de Oviedo y Valdés , Gonzaloc1478-155793222110aHistoria general y natural de las índias /cGonzalo Fernández de Oviedo y Valdés ; edición y estudio preliminar de Juan Pérez de Tudela Bueso. aMadrid :bAtlas,c1959. a4 v. ;c32 cm.1 aBiblioteca de autores españoles; desde la formación del lenguaje hasta nuestros días (continuación)12aTudela Bueso, Juan Pérez de959635 aBNPD 0010718PDaGRbGRcCTd2011-09-28iLF1l0ov. 1p34214-10r2020-06-25w2020-06-25yLFPDzPerteneció a la biblioteca personal de Viviani LunaZNo se presta 0010718PDaGRbGRcCTd2011-09-28iLF1l0oxxxx F363hp34214-20r2020-06-25te. 2w2020-06-25yLFPDzPerteneció a la biblioteca personal de Viviani LunaZNo se presta 0010718DSaGRbGRcCTd2011-09-28iLF1l0oxxxx F363hp34214-30r2020-06-25te. 3w2020-06-25yLFDSzPerteneció a la biblioteca personal de Viviani LunaZNo se presta 0010718DSaGRbGRcCTd2011-09-28iLF1l0oxxxx F363hp34214-40r2020-06-25te. 4w2020-06-25yLFDSzPerteneció a la biblioteca personal de Viviani LunaZNo se presta c33705d33705